Evaluación del aprendizaje; tomo ii /
Guardado en:
| Autor Principal: | |
|---|---|
| Formato: | Libro |
| Publicado: |
Buenos Aires :
Troquel,
1979
|
| Edición: | 2a. ed. |
| Materias: | |
| Etiquetas: |
Agregar Etiqueta
Sin Etiquetas, Sea el primero en etiquetar este registro!
|
| LEADER | 00710nam a22002175a 4500 | ||
|---|---|---|---|
| 001 | CEM.cems001094 | ||
| 005 | 20060213000000.0 | ||
| 008 | 130507s1979##################000#0#####d | ||
| 003 | CEMS | ||
| 082 | 0 | 4 | |a 371.26 |
| 100 | 1 | |a Bloom, Benjamin S. | |
| 245 | 1 | 0 | |a Evaluación del aprendizaje; tomo ii / |
| 250 | |a 2a. ed. | ||
| 260 | |a Buenos Aires : |b Troquel, |c 1979 | ||
| 300 | |a 319 p. | ||
| 505 | 0 | |a Educaci¢n preescolar(I).-Educaci¢n preescolar(II).-Artes del lenguaje.-Estudios sociales de la escuela secundaria.- | |
| 653 | |a Aprendizaje-evaluacion | ||
| 653 | |a Educacion | ||
| 653 | |a Educacion preescolar | ||
| 653 | |a Evaluacion escolar | ||
| 859 | |a CEMS |b BIB. CEMS - 11 de abril |h 371.26 |i B623a2/II |p 8088.80 |t Ej.1 | ||
